| 000 | 00773nam a22002057a 4500 | ||
|---|---|---|---|
| 005 | 20251119194645.0 | ||
| 008 | 251119b ||||| |||| 00| 0 eng d | ||
| 020 | _a978-612-4344-20-6 | ||
| 040 |
_aCENDOC CAAAP _bspa _cCAAAP |
||
| 041 | _aspa | ||
| 050 |
_aGA 341 _b.C37 |
||
| 110 | 1 |
_95638 _aSociedad Geográfica de Lima |
|
| 245 | 1 | 0 |
_aCartografiando historias : _bla frontera de Perú y Ecuador a través de los mapas _cSociedad Geográfica de Lima |
| 250 | _a1ra edición | ||
| 260 | 1 |
_aLima, Perú : _bPlan Binacional de Desarrollo de la Región Fronteriza Perú, _c2024 |
|
| 300 |
_a274 páginas : _bfotografías, _c20 x 25 cm |
||
| 650 | 0 |
_92129 _aCartografía _vHistoria _zPerú |
|
| 650 | 0 |
_9410 _aFronteras _xMapas históricos _zEcuador |
|
| 942 |
_2lcc _bDD - MM - AA |
||
| 999 |
_c4160 _d4160 |
||